| 000 | 00831nab a2200253 u 4500 | ||
|---|---|---|---|
| 001 | 18568 | ||
| 003 | HDC | ||
| 007 | cr bn ---aaaaa | ||
| 008 | 210227c20100512xx dr|noo 0 a eng d | ||
| 040 | _aHDC | ||
| 100 |
_aBongiorno, Lori _eauthor _917388 |
||
| 245 | 0 |
_aOpinion: Four myths about eggs / by _cLori Bongiorno |
|
| 260 |
_a[No place] : _b[publisher not identified], _c2010 |
||
| 300 | _a1 online resource | ||
| 336 |
_atext _2rdacontent |
||
| 337 |
_acomputer _2rdamedia |
||
| 338 |
_aonline resource _2rdacarrier |
||
| 650 |
_amyths about eggs _917389 |
||
| 710 | _aHalal Focus | ||
| 856 | _zRequest full-text at [email protected] | ||
| 942 | _2lcc | ||
| 942 | _cNEWS | ||
| 942 | _kNWSO 006090 | ||
| 999 |
_c15884 _d15884 |
||